00950cam a2200253 a 4500001000400000003001000004005001700014008004100031020001800072040002500090080002300115090002300138245013700161260003800298300002700336504002500363650004300388650003500431650005100466700002700517942001200544952012700556999001300683103BR-CuiBMT20231129040004.0230815s2021 mgba 000 0 por d a9786555182361 aBR-CuiBMTcBR-CuiBMT 22007a351.712.2.02 a351.712.2.02bN93500aNova lei de licitações (Lei n° 14.133/2021) sistematizada /cMário Saadi, coordenador ; Bruno Werneck ... [et al.] coautores. aBelo Horizonte :bFórum,c2021. a138 p. :bil. ;c22 cm aInclui bibliografia. aLicitaçõesxCompras governamentais aLicitaçõesvLegislação aDireito administrativoxCompras governamentais 4coord.aSaadi, Mário 2udccLV 00102udc4070aBIBTCEMTbBIBTCEMTd2023-06-28l0o351.712.2.02 N935pBIBTCEMT23080080r2023-08-15tEx. 1w2023-08-15yLV c103d103